000 00518cam a2200205ua 4500
001 8972
005 20260515114417.0
008 150219n ii |||gr||||Z||||||asm
040 _cMAIN
041 _aasm
082 _a809
100 _aDeka, K.,
_eAuthor.
245 1 _aTulanamulak sahitya :
_bBikas aru bivartan /
_cBy Karabi Deka .
250 _a1st.
260 _aDibrugarh:
_bKaustabh,
_c2008.
300 _a196p.
653 _aHistory, description & criticism
653 _aLitarary criticism
942 _cBK
999 _c8058
_d8058